000 00332nam a22001457a 4500
008 210226b ||||| |||| 00| 0 eng d
020 _a9780323014847
041 _aeng
080 _25th
_a61
082 _a61
100 _a3
101 _aSHM
245 _aHealth Promotion Throught the Lifespan
_cEdelman, C.L
942 _2udc
_cBK
999 _c55278
_d55278